000 00444nam a2200193Ia 4500
005 20250423095826.0
008 250422s9999 xx 000 0 und d
020 _a978-0-07-016490-1
050 _aTK 7868 .L6 M355/
100 _aMarcovitz, Alan B.
245 0 _aIntroduction to logic design
250 _a3rd ed.
260 _aBoston
260 _bMcGraw-Hill
260 _c2010
300 _a637 p
650 _aLogic
942 _cBK
999 _c31447
_d31447